<?xml version="1.0" encoding="UTF-8"?><?xml-stylesheet type="text/xsl" href="static/style.xsl"?><OAI-PMH xmlns="http://www.openarchives.org/OAI/2.0/" xmlns:xsi="http://www.w3.org/2001/XMLSchema-instance" xsi:schemaLocation="http://www.openarchives.org/OAI/2.0/ http://www.openarchives.org/OAI/2.0/OAI-PMH.xsd"><responseDate>2026-06-04T03:21:14Z</responseDate><request verb="GetRecord" identifier="oai:riuma.uma.es:10630/16152" metadataPrefix="marc">https://riuma.uma.es/rest/oai/request</request><GetRecord><record><header><identifier>oai:riuma.uma.es:10630/16152</identifier><datestamp>2026-02-03T11:51:34Z</datestamp><setSpec>com_10630_2254</setSpec><setSpec>col_10630_37959</setSpec></header><metadata><record xmlns="http://www.loc.gov/MARC21/slim" xmlns:dcterms="http://purl.org/dc/terms/" xmlns:doc="http://www.lyncode.com/xoai" xmlns:xsi="http://www.w3.org/2001/XMLSchema-instance" xsi:schemaLocation="http://www.loc.gov/MARC21/slim http://www.loc.gov/standards/marcxml/schema/MARC21slim.xsd">
   <leader>00925njm 22002777a 4500</leader>
   <datafield ind2=" " ind1=" " tag="042">
      <subfield code="a">dc</subfield>
   </datafield>
   <datafield ind2=" " ind1=" " tag="720">
      <subfield code="a">Alonso-Gómez, Marina</subfield>
      <subfield code="e">author</subfield>
   </datafield>
   <datafield ind2=" " ind1=" " tag="260">
      <subfield code="c">2018-07-06</subfield>
   </datafield>
   <datafield ind2=" " ind1=" " tag="520">
      <subfield code="a">El escritor británico Edward Morgan Forster (1879-1970) publicó cinco novelas entre 1905 y 1924 (Where Angels Fear to Tread en 1905, The Longest Journey en 1907, A Room with a View en 1908, Howards End en 1910 y a Passage to India en 1924), además de varias biografías, colecciones de ensayos y de historias cortas, libros de crítica literaria y de viajes e incluso un libreto operístico. Sin embargo, no fue hasta después de su muerte y de la aparición póstuma de su novela Maurice (que fue publicada por primera vez en 1971, aunque Forster había terminado el primer borrador en la década de los años diez) cuando su obra comenzó a traducirse y a publicarse en España. Para entonces habían transcurrido casi setenta años desde que el autor británico publicara sus primeros títulos y sus obras habían sido tanto vertidas a numerosas lenguas (entre ellas algunas al español, gracias a varias traducciones hispanoamericanas) como adaptadas al teatro y a la televisión (poco después, en los años ochenta, surgirían las primeras versiones para la gran pantalla). En el presente trabajo se analiza la tardía introducción de la literatura de E. M. Forster en España a través de la traducción de sus obras y las posibles causas y consecuencias derivadas de la misma, así como su recorrido una vez que  el autor hubo desembarcado finalmente en la península.</subfield>
   </datafield>
   <datafield ind1="8" ind2=" " tag="024">
      <subfield code="a">https://hdl.handle.net/10630/16152</subfield>
   </datafield>
   <datafield tag="653" ind2=" " ind1=" ">
      <subfield code="a">Forster, Edward Morgan - Crítica e interpretación</subfield>
   </datafield>
   <datafield ind2="0" ind1="0" tag="245">
      <subfield code="a">The Longest Journey. La introducción de las obras de E. M. Forster en España a través de su traducción</subfield>
   </datafield>
</record>
</metadata></record></GetRecord></OAI-PMH>